Most Guessed US States - Statistics

General Stats
  • This quiz has been taken 1,170 times
  • The average score is 12 of 15
Answer Stats
Rank Percent Answer % Correct
#1 97% California
98%
#3 96% Florida
97%
#4 95% New York
97%
#2 97% Texas
97%
#5 94% Washington
90%
#6 91% Alaska
82%
#8 87% Hawaii
82%
#12 86% Nevada
78%
#15 83% Maine
71%
#9 87% North Carolina
70%
#11 86% Alabama
69%
#14 86% South Carolina
68%
#13 86% New Mexico
65%
#7 88% North Dakota
58%
#10 87% South Dakota
57%
No matching quizzes found
Score Distribution
Percent of People with Each Score
Percentile by Number Answered
Your Score History
You have not taken this quiz